[Event "IV Open International Senior"]
[Site "Calvia"]
[Date "2007.10.21"]
[Round "7.18"]
[White "Mercadal Melia, Dante"]
[Black "Theiss Geb Buzgar, Ion"]
[Result "1-0"]
[WhiteElo "1986"]
[BlackElo "1929"]
[PlyCount "117"]
[EventDate "2007.??.??"]

1. e4 c6 2. Nc3 d5 3. Nf3 Bg4 4. h3 Bxf3 5. Qxf3 d4 6. Ne2 e5 7. Ng3 Nf6 8. Bc4
b5 9. Bb3 c5 10. a3 c4 11. Ba2 Nbd7 12. O-O g6 13. b3 Rc8 14. a4 a6 15. axb5
axb5 16. bxc4 bxc4 17. Ne2 Be7 18. d3 cxd3 19. cxd3 O-O 20. Bh6 Re8 21. Bc4 Bf8
22. Bg5 h6 23. Bh4 g5 24. Bg3 Nb6 25. Bb3 Bd6 26. Qf5 Kg7 27. Ra7 Rc7 28. Rxc7
Qxc7 29. Rc1 Qd7 30. Qxd7 Nfxd7 31. Nxd4 exd4 32. Bxd6 Rc8 33. Rxc8 Nxc8 34.
Bc7 Ne7 35. Bc4 f6 36. Bb5 Ne5 37. g3 h5 38. Kg2 g4 39. hxg4 hxg4 40. Bxe5 fxe5
41. Bd7 Kf6 42. Bxg4 Kg5 43. Bd7 Ng6 44. f3 Ne7 45. Kf2 Ng6 46. Ke2 Ne7 47. Kd2
Ng6 48. Kc2 Kf6 49. Kb3 Ke7 50. Bf5 Nh8 51. Kc4 Kd6 52. f4 Nf7 53. g4 exf4 54.
Kxd4 Ne5 55. Kc3 Nf3 56. d4 Nh2 57. Kd3 f3 58. Ke3 Ke7 59. Kf2 1-0

[Event "IV Open International Senior"]
[Site "Calvia"]
[Date "2007.10.21"]
[Round "7.20"]
[White "Iglesias Vidal, Luis"]
[Black "Yanez Acin, Gonzalo"]
[Result "1/2-1/2"]
[WhiteElo "1814"]
[BlackElo "1962"]
[PlyCount "69"]
[EventDate "2007.??.??"]

1. Nf3 d5 2. d4 Nf6 3. c4 c6 4. Nc3 e6 5. a3 h6 6. e3 Bd6 7. Bd3 O-O 8. Ne5
Nbd7 9. f4 dxc4 10. Bxc4 Nd5 11. O-O Nxc3 12. bxc3 b5 13. Ba2 Bb7 14. Qc2 Nf6
15. Bb1 c5 16. Ng4 Ne4 17. Rf3 f5 18. Ne5 Bxe5 19. fxe5 c4 20. Qb2 a6 21. Bxe4
Bxe4 22. Rg3 Kh7 23. Qf2 a5 24. Ra2 Rf7 25. h4 g5 26. hxg5 hxg5 27. Rh3+ Kg6
28. Qg3 Raa7 29. Rb2 Rab7 30. Bd2 Qe7 31. Qh2 Rh7 32. Rxh7 Qxh7 33. Qxh7+ Kxh7
34. Be1 Kg6 35. g3 1/2-1/2

[Event "IV Open International Senior"]
[Site "Calvia"]
[Date "2007.10.21"]
[Round "7.21"]
[White "Castan Sanclemente, Alejandro"]
[Black "Llado Llompart, Sebastian"]
[Result "1-0"]
[WhiteElo "1871"]
[BlackElo "1773"]
[PlyCount "67"]
[EventDate "2007.??.??"]

1. d4 Nf6 2. c4 Nc6 3. Nc3 e5 4. d5 Ne7 5. Bg5 Ng6 6. e4 Bb4 7. Bd3 O-O 8. Nge2
h6 9. Bd2 a6 10. a3 Bc5 11. b4 Ba7 12. c5 d6 13. Na4 Nd7 14. Rc1 dxc5 15. bxc5
Qe7 16. Bb4 a5 17. Bxa5 Nxc5 18. Bb4 Nxd3+ 19. Qxd3 Bxf2+ 20. Kxf2 Qf6+ 21. Qf3
Qh4+ 22. g3 Qh3 23. Qg2 Rxa4 24. Qxh3 Bxh3 25. Bxf8 Kxf8 26. Rxc7 Rxa3 27. Rb1
Ra6 28. Rbxb7 Rf6+ 29. Ke3 Kg8 30. Rc6 Rxc6 31. dxc6 Bc8 32. Nc3 Kf8 33. Rb8
Ne7 34. Nd5 1-0

[Event "IV Open International Senior"]
[Site "Calvia"]
[Date "2007.10.21"]
[Round "7.23"]
[White "Gonzalo Gonzalez, Francisco"]
[Black "Benito Alba, Eladio"]
[Result "1/2-1/2"]
[WhiteElo "1857"]
[BlackElo "1873"]
[PlyCount "63"]
[EventDate "2007.??.??"]

1. e4 d5 2. exd5 Qxd5 3. Nc3 Qa5 4. d4 Nf6 5. Bd2 c6 6. Bc4 Bf5 7. Ne4 Qc7 8.
Nxf6+ gxf6 9. g4 Be4 10. f3 Bd5 11. Bd3 h5 12. c4 Be6 13. gxh5 Rxh5 14. f4 Rh8
15. Qf3 Qd6 16. f5 Bc8 17. Qf2 Bh6 18. O-O-O Bxd2+ 19. Rxd2 Nd7 20. Nf3 Qf4 21.
Kb1 Nb6 22. Ne1 Qxf2 23. Rxf2 Bd7 24. b3 O-O-O 25. a4 Rh4 26. a5 Na8 27. Nc2
Nc7 28. b4 a6 29. Rg1 Rh3 30. Be2 Rdh8 31. Rgg2 Ne8 32. Bg4 1/2-1/2

[Event "IV Open International Senior"]
[Site "Calvia"]
[Date "2007.10.21"]
[Round "7.26"]
[White "Febrero Perez, Lluis"]
[Black "Fernandez Martin, Manuel"]
[Result "0-1"]
[WhiteElo "1690"]
[BlackElo "1709"]
[PlyCount "64"]
[EventDate "2007.??.??"]

1. e4 c5 2. Nf3 Nc6 3. d4 cxd4 4. Nxd4 d6 5. c4 g6 6. Nc3 Bg7 7. Nxc6 bxc6 8.
Qc2 Nf6 9. Bd3 O-O 10. O-O Qc7 11. Rb1 Bb7 12. f4 e6 13. f5 exf5 14. exf5 Ng4
15. Bf4 Bd4+ 16. Kh1 Ne3 17. Bxe3 Bxe3 18. Rbe1 Rae8 19. Nd1 Bd4 20. Nf2 Qa5
21. Rxe8 Rxe8 22. b3 Re1 23. fxg6 Rxf1+ 24. Bxf1 hxg6 25. Ne4 Qe5 26. Bd3 f5
27. Ng3 Qe3 28. Ne2 Qf2 29. h3 Qe1+ 30. Kh2 Be5+ 31. g3 Qf2+ 32. Kh1 c5+ 0-1

[Event "IV Open International Senior"]
[Site "Calvia"]
[Date "2007.10.21"]
[Round "7.27"]
[White "Orcera Gomez, Francisco"]
[Black "Kuenitz, Klaus"]
[Result "1-0"]
[WhiteElo "1864"]
[BlackElo "1695"]
[PlyCount "71"]
[EventDate "2007.??.??"]

1. d4 d5 2. c4 dxc4 3. Nc3 c6 4. a4 Bd7 5. e4 b5 6. axb5 cxb5 7. g3 Nc6 8. Nxb5
Na5 9. Nc3 Nb3 10. Ra2 Qb6 11. Be3 Rc8 12. d5 Qb7 13. Rxa7 Qb4 14. Nge2 e6 15.
Bg2 Bc5 16. dxe6 Bxe6 17. Bxc5 Qxc5 18. Ra3 Nf6 19. O-O O-O 20. Nf4 Rcd8 21.
Nfd5 Bxd5 22. exd5 Rfe8 23. Qf3 Nd4 24. Qd1 Nd7 25. Qh5 g6 26. Qh6 Qf8 27.
Qxf8+ Kxf8 28. Rd1 Ne2+ 29. Kf1 Nxc3 30. bxc3 Ne5 31. Ra4 Rc8 32. Rd4 Red8 33.
h3 Nd7 34. Raxc4 Rxc4 35. Rxc4 Nb6 36. Rc5 1-0

[Event "IV Open International Senior"]
[Site "Calvia"]
[Date "2007.10.22"]
[Round "8.1"]
[White "Bellon Lopez, Juan Manuel"]
[Black "Gonzalez, Rodriguez Jorge A"]
[Result "1-0"]
[WhiteElo "2434"]
[BlackElo "2405"]
[PlyCount "111"]
[EventDate "2007.??.??"]

1. d4 Nf6 2. Nf3 e6 3. Bg5 h6 4. Bxf6 Qxf6 5. e4 d6 6. Nc3 Nd7 7. Qd2 a6 8.
O-O-O Qe7 9. h4 g6 10. h5 g5 11. e5 d5 12. Nh2 c5 13. Ng4 Bg7 14. g3 cxd4 15.
Qxd4 Qc5 16. f4 Qxd4 17. Rxd4 f5 18. exf6 Nxf6 19. Nxf6+ Bxf6 20. Rd3 Bd7 21.
Bh3 gxf4 22. gxf4 Bxc3 23. Rxc3 Ke7 24. Re3 Kd6 25. Rd1 Rac8 26. b3 b5 27. Kb2
b4 28. Rde1 Rce8 29. a3 a5 30. axb4 axb4 31. Ra1 Ra8 32. Rae1 Rhe8 33. Rg3 Rg8
34. Rge3 Rae8 35. Ra1 Rgf8 36. Ra6+ Kc5 37. Bxe6 Rxf4 38. Ra5+ Kb6 39. Rxd5 Bc6
40. Rde5 Bf3 41. Bc4 Rxe5 42. Rxe5 Rh4 43. Rb5+ Kc6 44. Rxb4 Rxh5 45. Ba6 Kc7
46. Rf4 Bc6 47. b4 Rh1 48. Bd3 Rh3 49. Kc3 h5 50. Kd4 h4 51. Be4 Bxe4 52. Rxe4
Rh1 53. Kc5 h3 54. c4 Rg1 55. Re7+ Kd8 56. Rh7 1-0

[Event "IV Open International Senior"]
[Site "Calvia"]
[Date "2007.10.22"]
[Round "8.3"]
[White "Suba, Mihai"]
[Black "Celaya Tapiz, Jose Maria"]
[Result "0-1"]
[WhiteElo "2502"]
[BlackElo "2260"]
[PlyCount "106"]
[EventDate "2007.??.??"]

1. c4 e5 2. g3 Nf6 3. Bg2 Bc5 4. a3 a6 5. e3 d6 6. d4 exd4 7. exd4 Ba7 8. h3
O-O 9. Ne2 c6 10. Nbc3 h6 11. O-O d5 12. c5 Nbd7 13. Bf4 Bb8 14. Qd2 Re8 15.
Rad1 Bxf4 16. Qxf4 Nf8 17. Rfe1 Ng6 18. Qc1 Bf5 19. b4 Qd7 20. g4 Be6 21. Na4
Rad8 22. Nb6 Qc7 23. Ng3 Nf4 24. Re5 Ng6 25. Re3 Bd7 26. Rde1 Rxe3 27. Rxe3 Re8
28. Rxe8+ Bxe8 29. Qe3 Bd7 30. Nh5 Nh7 31. Bf1 Nhf8 32. Bd3 Qd8 33. Bxg6 Nxg6
34. f4 f5 35. Ng3 Nh4 36. Qe2 fxg4 37. hxg4 Ng6 38. f5 Nf8 39. Kg2 Nh7 40. Nh5
Be8 41. Qe6+ Kf8 42. Nf4 Nf6 43. Qd6+ Qxd6 44. cxd6 Bd7 45. Ne6+ Bxe6 46. fxe6
Ne4 47. Nc8 Ke8 48. a4 Ng5 49. e7 Ne4 50. a5 Nf6 51. Nb6 Nxg4 52. Kf3 Nf6 53.
Kf4 h5 0-1

[Event "IV Open International Senior"]
[Site "Calvia"]
[Date "2007.10.22"]
[Round "8.4"]
[White "Simon, Padros Emili"]
[Black "Estrada Martinez, Cesar"]
[Result "1-0"]
[WhiteElo "2243"]
[BlackElo "2236"]
[PlyCount "81"]
[EventDate "2007.??.??"]

1. e4 c6 2. d4 d5 3. e5 Bf5 4. Nf3 e6 5. Be2 h5 6. O-O Nh6 7. Nbd2 Be7 8. Nb3
Nd7 9. Ne1 h4 10. Be3 Bg5 11. f4 Be7 12. Nd3 Qc7 13. a4 O-O-O 14. a5 Be4 15. c3
Nf5 16. Bf2 g5 17. fxg5 Bxg5 18. Bf3 Rdg8 19. Nbc5 Ne3 20. Bxe3 Bxe3+ 21. Kh1
Bxd3 22. Nxd3 Rg7 23. Re1 Bg5 24. a6 b6 25. Qa4 Kb8 26. c4 Rc8 27. Ra3 dxc4 28.
Qxc4 b5 29. Qc2 Nb6 30. Nb4 Nd5 31. Nxd5 cxd5 32. Rc3 Qd7 33. Be2 Rgg8 34. Qb3
Rxc3 35. bxc3 Ka8 36. Bxb5 Qc7 37. Rb1 Qb6 38. c4 dxc4 39. Qxc4 Kb8 40. Qd3 Rc8
41. Bc4 1-0

[Event "IV Open International Senior"]
[Site "Calvia"]
[Date "2007.10.22"]
[Round "8.5"]
[White "Buxade Roca, Guillermo"]
[Black "Eppinger, Georg"]
[Result "1/2-1/2"]
[WhiteElo "2192"]
[BlackElo "2251"]
[PlyCount "138"]
[EventDate "2007.??.??"]

1. e4 c5 2. Nc3 Nc6 3. g3 g6 4. Bg2 Bg7 5. d3 d6 6. Be3 e6 7. Qd2 Nd4 8. f4 Ne7
9. Nd1 e5 10. c3 Ndc6 11. Nf3 f5 12. O-O O-O 13. Nf2 b6 14. Rad1 d5 15. Qc2
exf4 16. Bxf4 h6 17. exd5 Nxd5 18. Bc1 Be6 19. a3 Qd7 20. Rfe1 Rae8 21. Re2 f4
22. Rde1 g5 23. gxf4 Nxf4 24. Bxf4 Rxf4 25. Bh3 Nd8 26. Ne5 Qd5 27. Nc4 Ref8
28. Rxe6 Rxf2 29. R6e2 R2f4 30. Re8 b5 31. Rxf8+ Rxf8 32. Ne3 Qf3 33. Qg2 Qxg2+
34. Kxg2 b4 35. axb4 cxb4 36. Nd5 a5 37. cxb4 axb4 38. Nxb4 Bxb2 39. Re2 Bd4
40. Nc2 Bb6 41. Bd7 Rf7 42. Bb5 Kg7 43. d4 Rf4 44. d5 Nf7 45. Bd7 Bc5 46. Ne3
Nd6 47. Ng4 Ne4 48. Ne5 Nc3 49. Rc2 Bd4 50. Nd3 Nxd5 51. Nxf4 Ne3+ 52. Kf3 Nxc2
53. Ne6+ Kf6 54. Nxd4 Nxd4+ 55. Kg4 Nc2 56. h4 Ne3+ 57. Kf3 Nf5 58. hxg5+ Kxg5
59. Bxf5 Kxf5 60. Kg3 Kg5 61. Kh3 h5 62. Kg3 h4+ 63. Kh3 Kh5 64. Kh2 Kg4 65.
Kg2 h3+ 66. Kh2 Kh4 67. Kh1 Kg3 68. Kg1 h2+ 69. Kh1 Kh3 1/2-1/2

[Event "IV Open International Senior"]
[Site "Calvia"]
[Date "2007.10.22"]
[Round "8.6"]
[White "Persson, Stellan"]
[Black "Molina, Jorge"]
[Result "1-0"]
[WhiteElo "2136"]
[BlackElo "2201"]
[PlyCount "129"]
[EventDate "2007.??.??"]

1. e4 c6 2. d4 d5 3. Nc3 dxe4 4. Nxe4 Bf5 5. Ng3 Bg6 6. Nf3 Nd7 7. h4 h6 8. c3
Ngf6 9. Bd3 Bxd3 10. Qxd3 Qc7 11. Be3 e6 12. Ne2 Bd6 13. c4 Bb4+ 14. Nc3 O-O-O
15. Qc2 Rhe8 16. O-O-O Kb8 17. g3 Ka8 18. a3 Bxc3 19. Qxc3 b6 20. Rhe1 Qb7 21.
Bf4 b5 22. Ne5 Nxe5 23. dxe5 Nd7 24. c5 Nf8 25. Rd6 Qc7 26. Red1 Rb8 27. h5 a5
28. b4 axb4 29. axb4 Kb7 30. Kd2 Ra8 31. Ke2 Ra2+ 32. Kf1 Rea8 33. Qd4 Qe7 34.
Qe4 Rc8 35. R1d4 Rc7 36. Qd3 Ra8 37. Kg2 Re8 38. Qd2 Ra8 39. Rd3 Qe8 40. g4 Nh7
41. Bg3 Rac8 42. Bh4 f6 43. exf6 Nxf6 44. Bxf6 gxf6 45. Qxh6 Qg8 46. f3 Qf7 47.
Qd2 f5 48. Rd7 Qe8 49. Rxc7+ Rxc7 50. Qa2 fxg4 51. fxg4 Qg8 52. Kh3 Qf7 53. Qe2
Qf4 54. Qd2 Qf1+ 55. Kh2 Qf6 56. Kg3 Qe5+ 57. Kh3 Qe4 58. Kg3 Qe5+ 59. Kh4 Ka6
60. Qf2 Rg7 61. Qg3 Qe4 62. Ra3+ Kb7 63. Ra1 Rf7 64. Qa3 Qf4 65. Qa8+ 1-0

[Event "IV Open International Senior"]
[Site "Calvia"]
[Date "2007.10.22"]
[Round "8.8"]
[White "Serra Olives, Tomas"]
[Black "Brinck-Claussen, Bjorn"]
[Result "0-1"]
[WhiteElo "2114"]
[BlackElo "2326"]
[PlyCount "54"]
[EventDate "2007.??.??"]

1. e4 e6 2. d4 d5 3. Nc3 Bb4 4. e5 c5 5. a3 Bxc3+ 6. bxc3 Ne7 7. Qg4 Qc7 8.
Qxg7 Rg8 9. Qxh7 cxd4 10. Ne2 Nbc6 11. f4 Bd7 12. Qd3 dxc3 13. Nxc3 a6 14. Ne2
Rc8 15. Rb1 Na5 16. Nd4 Nec6 17. Nxc6 Qxc6 18. Bd2 Nc4 19. Bb4 a5 20. Qh7 axb4
21. Qxg8+ Ke7 22. Qg5+ Ke8 23. Bxc4 Qxc4 24. Rxb4 Qc3+ 25. Kf2 Qxa3 26. Rhb1
Rxc2+ 27. Ke1 Qe3+ 0-1

[Event "IV Open International Senior"]
[Site "Calvia"]
[Date "2007.10.22"]
[Round "8.9"]
[White "Hervas Ruiz, Jose"]
[Black "Campos Calvo-Sotelo, Juan"]
[Result "1-0"]
[WhiteElo "2222"]
[BlackElo "1971"]
[PlyCount "85"]
[EventDate "2007.??.??"]

1. d4 b5 2. e4 a6 3. Bd3 e6 4. Nf3 c5 5. c3 Bb7 6. O-O Nf6 7. Re1 Be7 8. a4
cxd4 9. cxd4 b4 10. Nbd2 Nc6 11. e5 Nd5 12. Ne4 Qb6 13. Bc2 Na5 14. Bg5 f6 15.
exf6 gxf6 16. Bh6 O-O-O 17. Rc1 Kb8 18. Bd3 Rdg8 19. Ned2 f5 20. Nc4 Nxc4 21.
Bxc4 Bd6 22. Bd2 Rg7 23. Bf1 Rhg8 24. Qe2 h5 25. Kh1 h4 26. h3 Bf4 27. Bxf4+
Ka7 28. Be5 Rg6 29. Red1 d6 30. Bh2 f4 31. Nxh4 Rf6 32. Nf3 Rfg6 33. Ne1 Qd8
34. f3 Ne3 35. Bxf4 Nxd1 36. Qxd1 Qf8 37. Bh2 R8g7 38. d5 Bxd5 39. Qd4+ Ka8 40.
Qb6 Ra7 41. Bxd6 Qg8 42. Bxa6 Rb7 43. Bxb7+ 1-0

[Event "IV Open International Senior"]
[Site "Calvia"]
[Date "2007.10.22"]
[Round "8.10"]
[White "Feiguelman, Boris Dr"]
[Black "Mikoleizig, Egenhard"]
[Result "1/2-1/2"]
[WhiteElo "2058"]
[BlackElo "2217"]
[PlyCount "49"]
[EventDate "2007.??.??"]

1. e4 c5 2. f4 e6 3. Nf3 d5 4. Bb5+ Bd7 5. Bxd7+ Nxd7 6. d3 dxe4 7. dxe4 Ngf6
8. Nc3 Nb6 9. Qe2 Be7 10. O-O a6 11. Kh1 Qc7 12. g3 g6 13. Be3 Nbd7 14. Rad1
Qc6 15. Bg1 b5 16. e5 Nd5 17. Nxd5 exd5 18. Rfe1 Nf8 19. h4 h5 20. Kg2 Ne6 21.
c3 Bxh4 22. Nxh4 g5 23. f5 gxh4 24. fxe6 fxe6 25. gxh4 1/2-1/2

[Event "IV Open International Senior"]
[Site "Calvia"]
[Date "2007.10.22"]
[Round "8.11"]
[White "Tejero Royo, Fermin"]
[Black "Hostalet Ferrer, Pedro"]
[Result "1/2-1/2"]
[WhiteElo "2159"]
[BlackElo "2092"]
[PlyCount "91"]
[EventDate "2007.??.??"]

1. e4 c6 2. c4 d5 3. cxd5 cxd5 4. exd5 Qxd5 5. Nc3 Qd8 6. d4 e6 7. Nf3 Nf6 8.
Bc4 Bb4 9. O-O O-O 10. Bg5 Bxc3 11. bxc3 Nbd7 12. Qd3 b6 13. Rfe1 Bb7 14. Ne5
Nxe5 15. Rxe5 Qc7 16. Bxf6 gxf6 17. Rh5 f5 18. Qh3 Qf4 19. Rxh7 Qg5 20. Rh5 Qg6
21. Bf1 Kg7 22. Qh4 Rh8 23. Rxh8 Rxh8 24. Qg3 Qxg3 25. hxg3 Rc8 26. Rc1 Bd5 27.
Ba6 Rc7 28. a3 Bc4 29. Bxc4 Rxc4 30. Kf1 b5 31. Ke2 Ra4 32. Ra1 a5 33. Rb1 Rxa3
34. Rxb5 Rxc3 35. Rxa5 Rb3 36. Ra2 Kf6 37. Rd2 Ra3 38. Rd3 Ra2+ 39. Ke3 Kg6 40.
Rd2 Ra4 41. d5 exd5 42. Rxd5 f6 43. Rd4 Ra3+ 44. Rd3 Ra2 45. Rd2 Ra3+ 46. Rd3
1/2-1/2

[Event "IV Open International Senior"]
[Site "Calvia"]
[Date "2007.10.22"]
[Round "8.13"]
[White "Pomar Mir, Francisco"]
[Black "Schuermans, Robert"]
[Result "0-1"]
[WhiteElo "1970"]
[BlackElo "2219"]
[PlyCount "48"]
[EventDate "2007.??.??"]

1. Nf3 Nc6 2. g3 e5 3. e4 Nf6 4. d3 d5 5. exd5 Qxd5 6. Nc3 Bb4 7. Bg2 Bg4 8.
O-O Qd7 9. Qe1 Qf5 10. Nh4 Qe6 11. a3 Nd4 12. Qd2 Be7 13. f4 exf4 14. Qxf4
O-O-O 15. Bd2 Nxc2 16. Rac1 Nd4 17. Kh1 g5 18. Qxc7+ Kxc7 19. Nd5+ Kb8 20. Nxe7
gxh4 21. Bf4+ Ka8 22. Rc7 Nd5 23. Nxd5 Rxd5 24. Rfc1 Bf3 0-1

[Event "IV Open International Senior"]
[Site "Calvia"]
[Date "2007.10.22"]
[Round "8.14"]
[White "Sarto Ramos, Angel"]
[Black "Castan Sanclemente, Alejandro"]
[Result "1/2-1/2"]
[WhiteElo "2053"]
[BlackElo "1871"]
[PlyCount "87"]
[EventDate "2007.??.??"]

1. d4 d5 2. Nf3 Nf6 3. Nbd2 c6 4. e3 Bg4 5. Bd3 e6 6. c4 Bd6 7. Qc2 dxc4 8.
Nxc4 Bc7 9. Bd2 Nbd7 10. Bb4 Nb6 11. Nce5 Bxf3 12. Nxf3 Bd6 13. Ba5 Qe7 14. O-O
O-O 15. Bc3 Nbd5 16. Rfe1 Nxc3 17. bxc3 e5 18. e4 Rfe8 19. Re2 Rac8 20. Rf1 Nh5
21. g3 Qe6 22. Nxe5 Bxe5 23. dxe5 g5 24. f4 gxf4 25. gxf4 Kh8 26. Rg2 Rg8 27.
Rf3 Rxg2+ 28. Kxg2 Qg4+ 29. Kf2 Nxf4 30. Rg3 Nxd3+ 31. Qxd3 Qh4 32. Qf3 Qxh2+
33. Kf1 Qh6 34. Qf6+ Qxf6+ 35. exf6 Re8 36. Rd3 h5 37. Rd7 Kh7 38. Re7 Rd8 39.
Ke2 Kg6 40. e5 Rd5 41. c4 Ra5 42. Ke3 Rxa2 43. Rxb7 a5 44. Kd4 {
illegible. Tablas enla jugada 55.} 1/2-1/2

[Event "IV Open International Senior"]
[Site "Calvia"]
[Date "2007.10.22"]
[Round "8.15"]
[White "Salgado Gonzalez, Julio"]
[Black "Mercadal Melia, Dante"]
[Result "1-0"]
[WhiteElo "1926"]
[BlackElo "1986"]
[PlyCount "85"]
[EventDate "2007.??.??"]

1. d4 Nf6 2. Bf4 e6 3. e3 b6 4. c3 Bb7 5. Nd2 c5 6. Ngf3 d5 7. Bd3 Bd6 8. Ne5
Nc6 9. Bg3 cxd4 10. exd4 Rc8 11. Qe2 h6 12. O-O O-O 13. f4 Ne7 14. Rae1 Re8 15.
Rf3 Nh5 16. Bh4 Qc7 17. g4 f6 18. gxh5 fxe5 19. fxe5 Nf5 20. exd6 Qxd6 21. Bg3
Qd8 22. Bxf5 exf5 23. Qxe8+ Qxe8 24. Rxe8+ Rxe8 25. Rxf5 Re2 26. Rf2 Re1+ 27.
Kg2 Re3 28. Nf3 Ba6 29. Ne5 Be2 30. Nf3 Bd3 31. Bf4 Re4 32. Kg3 Be2 33. Nd2 Re6
34. Kh4 Bd1 35. Rg2 Rf6 36. Be5 Rf5 37. Rxg7+ Kf8 38. Rg6 Rxh5+ 39. Kg3 Be2 40.
h4 Kf7 41. Rf6+ Ke7 42. Nf3 Bd3 43. Kg4 1-0

[Event "IV Open International Senior"]
[Site "Calvia"]
[Date "2007.10.22"]
[Round "8.16"]
[White "Komysheva, Margarita"]
[Black "Gutierrez, Leon Cristobal"]
[Result "1-0"]
[WhiteElo "2174"]
[BlackElo "1963"]
[PlyCount "135"]
[EventDate "2007.??.??"]

1. Nf3 Nf6 2. c4 b6 3. d3 Bb7 4. e4 d6 5. Nc3 e5 6. Be2 a5 7. O-O Nbd7 8. b3
Be7 9. h3 h6 10. Be3 O-O 11. Nh2 Nc5 12. f4 exf4 13. Bxf4 Ne6 14. Be3 Nh7 15.
Qd2 Bg5 16. Nf3 Bxe3+ 17. Qxe3 Nhg5 18. Nxg5 Qxg5 19. Qxg5 Nxg5 20. Nb5 Ne6 21.
Bg4 Bc6 22. Bxe6 Bxb5 23. Bxf7+ Rxf7 24. cxb5 a4 25. Rfb1 Kf8 26. a3 Ke7 27.
bxa4 Rxa4 28. Rc1 Ke6 29. Rc3 Ke5 30. Rac1 Ra7 31. Rb3 d5 32. exd5 Kxd5 33. Rc4
Ra5 34. a4 Ra8 35. Rbc3 Ra7 36. Rc2 Kd6 37. Rf2 Rxf2 38. Kxf2 Ra8 39. Ke3 Re8+
40. Kd4 Rf8 41. Rc6+ Kd7 42. Rg6 Rf7 43. Ke5 Re7+ 44. Kd5 Rf7 45. d4 Rf5+ 46.
Ke4 Rf7 47. Ke5 Re7+ 48. Kd5 Rf7 49. g4 Re7 50. h4 Rf7 51. g5 hxg5 52. Rxg5 Kd8
53. Ke5 Kd7 54. h5 Kd8 55. d5 Kd7 56. Rg6 Re7+ 57. Kf5 Rf7+ 58. Kg5 Kd8 59. d6
Kd7 60. dxc7 Kxc7 61. Rc6+ Kb7 62. Kg6 Rd7 63. Re6 Kc7 64. Re8 Rd4 65. Kxg7
Rxa4 66. Re5 Ra7 67. Kg6 Kd6 68. Rf5 1-0

[Event "IV Open International Senior"]
[Site "Calvia"]
[Date "2007.10.22"]
[Round "8.17"]
[White "Klempt, Guenter"]
[Black "Redondo Garcia, Jose Luis"]
[Result "1-0"]
[WhiteElo "2091"]
[BlackElo "1909"]
[PlyCount "71"]
[EventDate "2007.??.??"]

1. d4 g6 2. c4 Bg7 3. Nc3 Nf6 4. e4 d6 5. Bg5 O-O 6. Qd2 b6 7. f3 Bb7 8. O-O-O
Nfd7 9. Bh6 e5 10. d5 Nc5 11. h4 Qd7 12. h5 f5 13. hxg6 hxg6 14. Bxg7 Qxg7 15.
Nh3 f4 16. g3 Bc8 17. gxf4 Bxh3 18. Bxh3 Rxf4 19. Qg2 Nba6 20. Rh2 Qf6 21. Bg4
Kg7 22. Ne2 Nb4 23. Kb1 Nbd3 24. Rdh1 Qg5 25. Nxf4 exf4 26. Rh7+ Kf6 27. Qh2
Ke5 28. Rxc7 Kd4 29. b3 Nxe4 30. fxe4 Qxg4 31. Qd2 Kxe4 32. Re7+ Ne5 33. Qc2+
Kd4 34. Rd1+ Kc5 35. b4+ Kxb4 36. Qb3+ 1-0

[Event "IV Open International Senior"]
[Site "Calvia"]
[Date "2007.10.22"]
[Round "8.18"]
[White "Mimbrero Cuello, Diego"]
[Black "Alonso Perez, Jose Ramon"]
[Result "1/2-1/2"]
[WhiteElo "1854"]
[BlackElo "2041"]
[PlyCount "63"]
[EventDate "2007.??.??"]

1. e4 e5 2. Nf3 Nc6 3. Bb5 a6 4. Ba4 Nf6 5. O-O Be7 6. Re1 b5 7. Bb3 d6 8. c3
Bg4 9. h3 Bh5 10. d3 O-O 11. Nbd2 Na5 12. Bc2 c5 13. Nf1 Nc6 14. Ng3 Bg6 15.
Nh4 Re8 16. Nhf5 Bf8 17. Bg5 h6 18. Bd2 Qc7 19. Qf3 Qd8 20. h4 a5 21. h5 Bxf5
22. Nxf5 Nh7 23. Qg3 Kh8 24. Bb3 Ra7 25. a4 b4 26. Bd5 Ne7 27. Nxe7 Qxe7 28.
cxb4 cxb4 29. Qf3 Rc8 30. Rac1 Rac7 31. Rxc7 Rxc7 32. Rc1 1/2-1/2

[Event "IV Open International Senior"]
[Site "Calvia"]
[Date "2007.10.22"]
[Round "8.19"]
[White "Fernandez Garcia, Ignacio"]
[Black "Russo, Carmelo"]
[Result "1-0"]
[WhiteElo "2039"]
[BlackElo "1702"]
[PlyCount "93"]
[EventDate "2007.??.??"]

1. e4 c6 2. d4 d5 3. Nc3 dxe4 4. Nxe4 Nd7 5. Bc4 e6 6. Nf3 Ngf6 7. Neg5 Nb6 8.
Bb3 h6 9. Nh3 Nbd5 10. O-O c5 11. c4 Nb6 12. Be3 cxd4 13. Bxd4 Be7 14. Qe2 O-O
15. Rad1 Qc7 16. Be5 Qc6 17. Nf4 Nbd7 18. Ba4 Qe4 19. Qxe4 Nxe4 20. Bxd7 g5 21.
Nh5 f6 22. Bxc8 Raxc8 23. Rfe1 Rcd8 24. Rxd8 Rxd8 25. Bc7 Rd7 26. Rxe4 Rxc7 27.
Rxe6 Kf7 28. Re4 Rd7 29. Ng3 Kg6 30. h3 h5 31. b3 b6 32. Rd4 Rc7 33. Rd5 Bc5
34. Nd4 Re7 35. Kf1 h4 36. Ngf5 Re5 37. g4 hxg3 38. fxg3 a6 39. g4 Bb4 40. Rxe5
fxe5 41. Nc6 Bc3 42. Ke2 Kf6 43. Ke3 b5 44. c5 Ke6 45. Ke4 Be1 46. Nxe5 Bd2 47.
Nd4+ 1-0

[Event "IV Open International Senior"]
[Site "Calvia"]
[Date "2007.10.22"]
[Round "8.21"]
[White "Yanez Acin, Gonzalo"]
[Black "Garcia Moreno, Jose Alfredo"]
[Result "1-0"]
[WhiteElo "1962"]
[BlackElo "1975"]
[PlyCount "111"]
[EventDate "2007.??.??"]

1. e4 d5 2. exd5 Qxd5 3. Nc3 Qa5 4. d4 Nf6 5. Nf3 Bg4 6. h3 Bh5 7. g4 Bg6 8.
Bd2 c6 9. Ne4 Qc7 10. Nxf6+ gxf6 11. Be3 e6 12. Qd2 Nd7 13. O-O-O Nb6 14. Bd3
Nd5 15. a3 Nxe3 16. fxe3 O-O-O 17. Qf2 c5 18. Kb1 c4 19. Bxg6 hxg6 20. c3 Qb6
21. Nd2 Qb5 22. Qe2 Bxa3 23. Qxc4+ Qxc4 24. Nxc4 Be7 25. e4 Rd7 26. h4 Rc7 27.
Ne3 Bd6 28. Rdf1 Be7 29. h5 g5 30. Kc2 Kd7 31. Kd3 Rh7 32. Rf2 b5 33. Ra1 Kc6
34. b3 Kb7 35. Rfa2 Kb8 36. c4 bxc4+ 37. bxc4 Bd6 38. c5 Bf4 39. Rb1+ Ka8 40.
Nc4 Rb7 41. Nb6+ Kb8 42. Nd7+ Kc7 43. Rxb7+ Kxb7 44. Nxf6 Rh6 45. e5 Rh8 46.
Ne4 Rf8 47. Nd6+ Kb8 48. Kc4 f6 49. exf6 Bxd6 50. cxd6 Rxf6 51. Kc5 Rf1 52. Kc6
Rf4 53. Rb2+ Ka8 54. Rb4 e5 55. d7 Rf8 56. dxe5 1-0

[Event "IV Open International Senior"]
[Site "Calvia"]
[Date "2007.10.22"]
[Round "8.22"]
[White "Theiss Geb Buzgar, Ion"]
[Black "Solsona Manonelles, Josep"]
[Result "1/2-1/2"]
[WhiteElo "1929"]
[BlackElo "1830"]
[PlyCount "51"]
[EventDate "2007.??.??"]

1. d4 Nf6 2. Nc3 e6 3. e4 d5 4. Be3 dxe4 5. f3 Bb4 6. a3 Bxc3+ 7. bxc3 Nd5 8.
Qd2 O-O 9. c4 Nxe3 10. Qxe3 Nc6 11. c3 f5 12. fxe4 Qh4+ 13. g3 Qxe4 14. Qxe4
fxe4 15. Bg2 Na5 16. c5 b6 17. Bxe4 Bb7 18. Bxb7 Nxb7 19. cxb6 axb6 20. Ne2 Nd6
21. Kd2 Nc4+ 22. Kd3 Nxa3 23. Nf4 Kf7 24. Rhe1 Rfe8 25. Rf1 Kg8 26. Rfe1
1/2-1/2

[Event "IV Open International Senior"]
[Site "Calvia"]
[Date "2007.10.22"]
[Round "8.23"]
[White "Benito Alba, Eladio"]
[Black "Llado Llompart, Sebastian"]
[Result "1-0"]
[WhiteElo "1873"]
[BlackElo "1773"]
[PlyCount "65"]
[EventDate "2007.??.??"]

1. d4 Nf6 2. Nf3 e6 3. c4 Nc6 4. Nc3 Bb4 5. e3 Bxc3+ 6. bxc3 Ne4 7. Qc2 f5 8.
Bd3 Nf6 9. Ba3 Ne7 10. O-O O-O 11. c5 c6 12. Ne5 Ng6 13. Nc4 f4 14. Bxg6 hxg6
15. exf4 Nd5 16. Bc1 b6 17. Ne5 Nxf4 18. Bxf4 Rxf4 19. Qxg6 Rf6 20. Qh5 Rh6 21.
Qf7+ Kh7 22. Qf3 Rf6 23. Qe4+ g6 24. f4 bxc5 25. dxc5 Rb8 26. Rad1 Qc7 27. Rd6
Rb7 28. Rfd1 Qa5 29. Qd4 Rf5 30. g4 Rxe5 31. Qxe5 Qxa2 32. R6d3 Kg8 33. Rh3 1-0

[Event "IV Open International Senior"]
[Site "Calvia"]
[Date "2007.10.22"]
[Round "8.27"]
[White "Kuenitz, Klaus"]
[Black "Febrero Perez, Lluis"]
[Result "0-1"]
[WhiteElo "1695"]
[BlackElo "1690"]
[PlyCount "36"]
[EventDate "2007.??.??"]

1. e4 e5 2. f4 exf4 3. Nf3 d6 4. d4 Bg4 5. Bxf4 Nf6 6. Bg5 h6 7. Bxf6 Qxf6 8.
c3 Be7 9. Qb3 Bxf3 10. gxf3 Qxf3 11. Qxb7 Bh4+ 12. Kd2 Qxh1 13. Qxa8 Qxh2+ 14.
Be2 Bg5+ 15. Kd3 Qh3+ 16. Kc2 O-O 17. Nd2 Qe3 18. Rd1 Qxe2 0-1